书目信息 |
| 题名: |
保险法百问
|
|
| 作者: | 杨长青 编著 | |
| 分册: | ||
| 出版信息: | 长春 吉林人民出版社 2010.04 |
|
| 页数: | 126页 | |
| 开本: | 21cm | |
| 丛书名: | 公民实用法律百问丛书 | |
| 单 册: | ||
| 中图分类: | D922.284.4 | |
| 科图分类: | ||
| 主题词: | 保险法--基本知识--中国 | |
| 电子资源: | ||
| ISBN: | 978-7-206-06240-7 | |
| 000 | 00857nam 2200265 450 | |
| 001 | 004293078 | |
| 005 | 20100811104317.31 | |
| 010 | @a978-7-206-06240-7@dCNY18.00 | |
| 090 | @aD922.28@bycq | |
| 100 | @a20100515d2010 em y0chiy50 ea | |
| 101 | 0 | @achi |
| 102 | @aCN@b220000 | |
| 105 | @ay z 000yy | |
| 200 | 1 | @a保险法百问@Abao xian fa bai wen@f杨长青编著@Fyang chang qing bian zhu |
| 205 | @a第2版 | |
| 210 | @a长春@c吉林人民出版社@d2010.04 | |
| 215 | @a126页@d21cm | |
| 225 | 2 | @a公民实用法律百问丛书 |
| 330 | @a本书介绍了保险法的基本知识,内容涉及保险合同、保险公司、保险代理人和保险经纪人、保险业监督管理、法律责任、海上保险等。 | |
| 410 | 0 | @12001 @a公民实用法律百问丛书 |
| 606 | 0 | @a保险法@x基本知识@y中国 |
| 690 | @aD922.284.4@v4 | |
| 701 | 0 | @a杨长青@Ayang chang qing@4编著 |
| 801 | @c20100515 | |
| 905 | @dD922.284.4@eY150=2@f5 | |
| 保险法百问/杨长青编著.-第2版.-长春:吉林人民出版社,2010.04 |
| 126页;21cm.-(公民实用法律百问丛书) |
| ISBN 978-7-206-06240-7:CNY18.00 |
| 本书介绍了保险法的基本知识,内容涉及保险合同、保险公司、保险代理人和保险经纪人、保险业监督管理、法律责任、海上保险等。 |
| ● |
| 相关链接 |
|
|
|
正题名:保险法百问
索取号:D922.284.4/Y150=2
 
预约/预借
| 序号 | 登录号 | 条形码 | 馆藏地/架位号 | 状态 | 备注 |
| 1 | 1023596 | 210235967 | 法学院资料室/108文学库 11排2列5层/ [索取号:D922.284.4/Y150=2] | 在馆 | |
| 2 | 1023597 | 210235976 | 社科库509/509社科库 87排1列4层/ [索取号:D922.284.4/Y150=2] | 在馆 | |
| 3 | 1023598 | 210235985 | 法学院资料室/ [索取号:D922.284.4/Y150=2] | 在馆 | |
| 4 | 1023599 | 210235994 | 社科库509/509社科库 87排1列4层/ [索取号:D922.284.4/Y150=2] | 在馆 | |
| 5 | 1023600 | 210236001 | 法学院资料室/ [索取号:D922.284.4/Y150=2] | 在馆 |